00642 2200217 4500001002100000005001700021008004100038035002500079040001200104082001400116084001900130100002100149245008500170260005100255300003300306500002900339650001000368700001600378850001200394990001800406INLIS00000000001044820150818134659.0  a0010-081500000001886 aYOPDYOG 223a659.1 aSK 659.1 Ani T aANI Riadiningrum aTanggapan konsumen terhadap iklan Rexona Balance di televisic/ Ani Riadiningrum aYogyakartabUniversitas Kristen Immanuelc2006 axviii, 96 lembarc; 29,5 cm. aSkripsi Fakultas Ekonomi aIklan aSRI herlina aYOPDYOG a48455-PD/A.15